Isa Isa Isabela (Record no. 47806)

MARC details
000 -LÍDER
campo de controle de tamanho fixo 00350 a2200157 4500
001 - NÚMERO DE CONTROLE
campo de controle 47806
020 ## - ISBN - INTERNATIONAL STANDARD BOOK NUMBER
ISBN - International Standard Book Number 9788566485004
040 ## - FONTE DA CATALOGAÇÃO
Instituição que transcreveu o registro Anchieta - Aquarius
100 ## - ENTRADA PRINCIPAL--NOME PESSOAL
Nome pessoal Bittencourt, Maria Nadja Nunes
240 10 - TÍTULO UNIFORME
Título uniforme Isa Isa Isabela
Idioma da obra por
245 10 - TÍTULO
Título Isa Isa Isabela
300 ## - DESCRIÇÃO FÍSICA
Extensão 25
362 0# - DATAS DE PUBLICAÇÃO E/OU DESIGNAÇÃO SEQUENCIAL
Datas de publicação e/ou designação sequencial 2012
650 #4 - ASSUNTO--TERMO TÓPICO
Cabeçalho tópico ou nome geográfico Literatura infantil
942 ## - ELEMENTOS DE ENTRADA ADICIONADOS (KOHA)
Tipo de material Koha Livros
Holdings
Situação do descarte Situação das perdas Situação física Não pode ser emprestado Biblioteca de origem Biblioteca atual Data de aquisição Total de empréstimos Número de chamada completo Código de barras Data de último acesso Data do último empréstimo Data do preço efetivo Tipo de material Koha
        Colégio Anchieta - Aquarius Colégio Anchieta - Aquarius 21/11/2023   LI 028.5 BIT ISA 6836/AQU 21/11/2023   21/11/2023 Livros
        Colégio Anchieta - Aquarius Inspira 21/11/2023 1 LI 028.5 BIT ISA 6834/AQU 21/11/2023 21/11/2023 21/11/2023 Livros